000 00326nam a2200121Ia 4500
005 20260328104316.0
008 260328s9999||||xx |||||||||||||| ||und||
100 _aDíaz Uribe, Bernardo
245 0 _aPerspectiva /
_cBernardo Díaz Uribe
260 _bUniversidad de los Andes
650 _aDIBUJO ARQUITECTÓNICO
942 _cBK
999 _c11166
_d11166